[Event "Ostrava op-B"]
[Site "Ostrava"]
[Date "2003.05.10"]
[Round "9"]
[White "Pifka, Jaroslav"]
[Black "Chlevistan, Jaromir"]
[Result "1-0"]
[WhiteElo "1748"]
[BlackElo "1713"]
[PlyCount "90"]
[EventDate "2003.05.03"]
[EventType "swiss"]
[EventRounds "10"]
[EventCountry "CZE"]
[SourceTitle "EXT 2006"]
[Source "ChessBase"]
[SourceDate "2005.11.24"]
[SourceVersion "1"]
[SourceVersionDate "2005.11.24"]
[SourceQuality "1"]

1. e4 d5 2. exd5 Nf6 3. c4 c6 4. dxc6 Nxc6 5. Nf3 e5 6. d3 Bf5 7. a3 a5 8. Bg5 Bc5 9. Be2 Qb6 10. 0-0 Ng4 11. Bh4 Nd4 12. Nxd4 Nxf2 13. Bxf2 Bxd4 14. Bxd4 Qxd4+ 15. Kh1 Qxb2 16. Nd2 Bc8 17. Ne4 0-0 18. Rf2 Qd4 19. Qf1 Be6 20. Rb1 b6 21. Ng5 Qd6 22. Bf3 Rad8 23. Be4 h6 24. Nxe6 Qxe6 25. Qe2 Qd6 26. a4 Rd7 27. h3 Rb8 28. Rb5 Qd4 29. Rf1 Qd6 30. Rd5 Qe7 31. Rxd7 Qxd7 32. Bd5 Rf8 33. Qxe5 Qxa4 34. Be4 Qd7 35. Qg3 a4 36. Rf6 Qd4 37. Rxh6 a3 38. Bh7+ Kh8 39. Rh4 Qb2 40. Qd6 Re8 41. Bg6+ Kg8 42. Bxf7+ Kxf7 43. Rf4+ Qf6 44. Rxf6+ gxf6 45. Qxa3 Re6 1-0